Komparácia vývoja reálnej konvergencie výkonnosti na Slovensku a v EU v kontexte vývoja na trhu práce

Vývoj ekonomického rastu a konvergencie Slovenska vo vzťahu k Európskej únii v pokrízovom období. Komparácia základných makroekonomických ukazovateľov Slovenska a priemeru Európskej únie za rok 2015. Regionálne rozdiely vo vývoji na trhu práce v Slovenskej republike. Dlhodobo nezamestnaní podľa kraj...

Ausführliche Beschreibung

Gespeichert in:
Bibliographische Detailangaben
1. Verfasser: Martincová, Marta, 1955-
Format: Buchkapitel
Sprache:Slowakisch
Schlagworte:
Tags: Tag hinzufügen
Keine Tags, Fügen Sie das erste Tag hinzu!

MARC

LEADER 00000nla a2200000 4500
001 0225722
005 20240502073712.6
041 0 |a slo 
044 |a SK 
245 1 0 |a Komparácia vývoja reálnej konvergencie výkonnosti na Slovensku a v EU v kontexte vývoja na trhu práce  |c Marta Martincová 
520 |a Vývoj ekonomického rastu a konvergencie Slovenska vo vzťahu k Európskej únii v pokrízovom období. Komparácia základných makroekonomických ukazovateľov Slovenska a priemeru Európskej únie za rok 2015. Regionálne rozdiely vo vývoji na trhu práce v Slovenskej republike. Dlhodobo nezamestnaní podľa krajov na Slovensku. Vývoj mesačnej hrubej mzdy v regiónoch Slovenska v roku 2015. Závery a hospodársko-politické implikácie. 
610 2 0 |a rast hospodársky 
610 2 0 |a ukazovatele makroekonomické 
610 2 0 |a trh práce 
610 2 0 |a nezamestnanosť 
610 2 0 |a mzdy hrubé 
610 2 0 |a regióny 
610 2 0 |a kraje 
610 2 0 |a Slovensko 
610 2 0 |a Európska únia 
100 1 |a Martincová, Marta, 1955-